| 000 | 00811nam a2200277 i 4500 | ||
|---|---|---|---|
| 001 | 2241 | ||
| 003 | BD-RjUL | ||
| 005 | 20211208233517.0 | ||
| 008 | 131210s1976 maua b 001 0 eng | ||
| 020 | _a0201067285 | ||
| 035 | _a(BD-RjUL)2268 | ||
| 040 |
_aDLC _cDLC _dDLC _beng |
||
| 041 | _aeng | ||
| 082 | 0 | 0 |
_a301.1 _219 _bSCS 1976 |
| 100 | 1 |
_aSchneider, David J., _d1940- _97300 |
|
| 245 | 1 | 0 |
_aSocial psychology / _cDavid J. Schneider. |
| 260 |
_aReading, Mass. : _bAddison-Wesley Pub. Co., _cc1976. |
||
| 300 |
_a663 p. in various pagings : _bill. ; _c26 cm. |
||
| 490 | 0 | _aAddison-Wesley series in social psychology | |
| 504 | _aIncludes bibliography and index. | ||
| 526 | _bPsychology | ||
| 650 | 0 |
_aSocial psychology. _97301 |
|
| 942 |
_2ddc _cBK |
||
| 999 |
_c2241 _d2241 |
||